Catálogo
 En Linea

De Lilís a Trujillo de Luis F. Mejía / (Registro nro. 20203)

Detalles MARC
000 -CABECERA
campo de control de longitud fija 00890nam a2200277 i 4500
001 - NÚMERO DE CONTROL
campo de control 000020699
003 - IDENTIFICADOR DEL NÚMERO DE CONTROL
campo de control DO-SdBNP
005 - FECHA Y HORA DE LA ÚLTIMA TRANSACCIÓN
campo de control 20260521073716.0
007 - CAMPO FIJO DE DESCRIPCIÓN FÍSICA--INFORMACIÓN GENERAL
campo de control de longitud fija ta
008 - DATOS DE LONGITUD FIJA--INFORMACIÓN GENERAL
campo de control de longitud fija 100909t2003 r 00 0dspa d
040 ## - FUENTE DE LA CATALOGACIÓN
Centro catalogador/agencia de origen DO-SdBNP
Lengua de catalogación spa
Centro/agencia transcriptor BNPHU
Normas de descripción rda
041 ## - CÓDIGO DE LENGUA
Código de lengua del texto/banda sonora o título independiente spa
082 ## - NÚMERO DE LA CLASIFICACIÓN DECIMAL DEWEY
Número de clasificación xxx
Número de documento/Ítem S225
Número de edición 22
100 1# - ENTRADA PRINCIPAL--NOMBRE DE PERSONA
Nombre de persona Sang, Mu-Kien A.
Fechas asociadas al nombre 1955-
Forma completa/desarrollada del nombre (Mu-Kien Adriana)
Término indicativo de función/relación autor
Código de función/relación aut.
9 (RLIN) 331
245 10 - MENCIÓN DE TÍTULO
Título De Lilís a Trujillo de Luis F. Mejía /
Mención de responsabilidad, etc. Mu-kien Adriana Sang Ben , presentacion, Mariano Mella.
264 #1 - PRODUCCIÓN, PUBLICACIÓN, DISTRIBUCIÓN, FABRICACIÓN Y COPYRIGHT
Producción, publicación, distribución, fabricación y copyright Santo Domingo :
Nombre del de productor, editor, distribuidor, fabricante Sociedad Dominicana de Bibliófilos,
Fecha de producción, publicación, distribución, fabricación o copyright 2003.
300 ## - DESCRIPCIÓN FÍSICA
Extensión 18 páginas ;
Dimensiones 22 cm.
336 ## - TIPO DE CONTENIDO
Término de tipo de contenido texto
Código de tipo de contenido txt
Fuente rdacontent
337 ## - TIPO DE MEDIO
Nombre/término del tipo de medio sin mediación
Código del tipo de medio n
Fuente rdamedia
338 ## - TIPO DE SOPORTE
Nombre/término del tipo de soporte volumen
Código del tipo de soporte nc
Fuente rdacarrier
490 1# - MENCIÓN DE SERIE
Mención de serie Conferencias ;
Designación de volumen o secuencia 4
590 ## - NOTA LOCAL (RLIN)
Nota local Inventariado, 2020 /LP
700 1# - PUNTO DE ACCESO ADICIONAL--NOMBRE DE PERSONA
Nombre de persona Mella, Mariano,
Término indicativo de función/relación presentación
9 (RLIN) 2101
910 ## - DATOS DE OPCIÓN DEL USUARIO (OCLC)
Datos de opción del usuario LP
942 ## - ELEMENTOS DE PUNTO DE ACCESO ADICIONAL (KOHA)
Fuente del sistema de clasificación o colocación Dewey Decimal Classification
Tipo de ítem Koha Folleto
Existencias
Estado de retiro Estado de pérdida Fuente del sistema de clasificación o colocación Restricciones de uso No para préstamo Código de colección Localización permanente Ubicación/localización actual Ubicación en estantería Fecha de adquisición Total de préstamos Signatura topográfica completa Código de barras Fecha visto por última vez Precio válido a partir de Tipo de ítem Koha Número de copia Fuente de adquisición Nota pública
    Dewey Decimal Classification Excluido de préstamo   Patrimonio Dominicano Biblioteca Nacional Pedro Henríquez Ureña Biblioteca Nacional Pedro Henríquez Ureña En catalogación 17.03.2020   BNPHU PD 20699-20 25.06.2020 25.06.2020 Folleto      
    Dewey Decimal Classification Excluido de préstamo   Patrimonio Dominicano Biblioteca Nacional Pedro Henríquez Ureña Biblioteca Nacional Pedro Henríquez Ureña En catalogación 07.02.2023   BNPHU PD S225 2023-0732 07.02.2023 07.02.2023 Libro e.2    
    Dewey Decimal Classification Préstamo en sala   Dominicana de Servicio Biblioteca Nacional Pedro Henríquez Ureña Biblioteca Nacional Pedro Henríquez Ureña En catalogación 12.08.2025   BNPHU DS S225 2025-8371 12.08.2025 12.08.2025 Folleto e.3 Donado por el ICDA  
    Dewey Decimal Classification Préstamo en sala   Dominicana Folletos Biblioteca Nacional Pedro Henríquez Ureña Biblioteca Nacional Pedro Henríquez Ureña En catalogación 12.08.2025   BNPHU DS S225 2025-8372 12.08.2025 12.08.2025 Folleto e.4 Donación Peertenecio a la biblioteca personal d Bárbara Suncar.
    Dewey Decimal Classification Préstamo en sala   Dominicana Folletos Biblioteca Nacional Pedro Henríquez Ureña Biblioteca Nacional Pedro Henríquez Ureña En catalogación 12.08.2025   BNPHU DS S225 2025-8373 12.08.2025 12.08.2025 Folleto e.5 Donación Peertenecio a la biblioteca personal d Bárbara Suncar.

Con tecnología Koha